书目信息 |
| 题名: |
配位化学
|
|
| 作者: | F·巴索罗 , R·C·蒋逊 著 ;宋银柱 译 | |
| 分册: | ||
| 出版信息: | 北京 北京大学出版社 1982 |
|
| 页数: | 411页 | |
| 开本: | 19cm | |
| 丛书名: | ||
| 单 册: | ||
| 中图分类: | O611.662 | |
| 科图分类: | ||
| 主题词: | 无机化学 | |
| 电子资源: | ||
| ISBN: | ||
| 000 | 00733nam0 2200241 45 | |
| 001 | 0182000020 | |
| 005 | 20060704094001.81 | |
| 010 | @dCNY1.65 | |
| 091 | @a13209.39 | |
| 100 | @a19960215d1982 em y0chiy0121 ea | |
| 101 | 1 | @achi@aeng |
| 102 | @aCN@b110000 | |
| 105 | @ay z 000yy | |
| 200 | 10 | @a配位化学@Apei wei hua xue@e金属配合物的化学@e英汉对照@f(美)F·巴索罗,R·C·蒋逊著@F(mei)F·ba suo luo,R·C·jiang xun zhu@g宋银柱等译 |
| 210 | @a北京@c北京大学出版社@d1982 | |
| 215 | @a411页@d19cm | |
| 606 | 0 | @a无机化学 |
| 690 | @aO611.662@v3 | |
| 701 | 0 | @aF·巴索罗@AF·ba suo luo@4著 |
| 701 | 0 | @aR·C·蒋逊@AR·C·jiang xun@4著 |
| 702 | 0 | @a宋银柱@Asong yin zhu@4译 |
| 801 | 0 | @aCN@bNLC@c20060704 |
| 905 | @dO611.662@e8 | |
| 配位化学:金属配合物的化学:英汉对照/(美)F·巴索罗,R·C·蒋逊著/宋银柱等译.-北京:北京大学出版社,1982 |
| 411页;19cm |
| ISBN :CNY1.65 |
| ● |
| 相关链接 |
|
|
|
|
正题名:配位化学
索取号:O611.662/8
 
预约/预借
| 序号 | 登录号 | 条形码 | 馆藏地/架位号 | 状态 | 备注 |
| 1 | 0147309 | 001956912 | 第三借阅区/ [索取号:O611.662/8] | 在馆 | |
| 2 | 0421296 | 204212967 | 密集书库/ [索取号:O611.662/8] | 在馆 |